| 000 | 00746nam a22002411 4500 | ||
|---|---|---|---|
| 001 | 134575 | ||
| 003 | ES-MaACL | ||
| 005 | 20250811131954.0 | ||
| 007 | t| | ||
| 008 | 070912s1954 sp ||||0| spa d | ||
| 016 | 7 | _zIND2000944681 | |
| 040 |
_aM-BN _bspa _cCDM |
||
| 080 | _a929 (Mussolini, Benito) | ||
| 100 | 1 |
_aWichterich, Richard. _9116736 |
|
| 245 | 1 | 0 |
_aBenito Mussolini / _cRichard Wichterich ; traducción directa del alemán por Manuel Scholz-Rich. |
| 260 |
_aBarcelona : _bIberia, _c[1954] |
||
| 300 |
_a342 p., 4 h. de lám. ; _c22 cm. |
||
| 600 | 1 | 4 |
_aMussolini, Benito, _d1883-1945 _984705 |
| 700 | 1 |
_aScholz, Manuel. _9104641 |
|
| 852 |
_aES-MaACL _jC-6537 _bR.35692 |
||
| 999 |
_c134575 _d134575 |
||